<?xml version="1.0" encoding="UTF-8"?>
<record
    xmlns:xsi="http://www.w3.org/2001/XMLSchema-instance"
    xsi:schemaLocation="http://www.loc.gov/MARC21/slim http://www.loc.gov/standards/marcxml/schema/MARC21slim.xsd"
    xmlns="http://www.loc.gov/MARC21/slim">

  <leader>00724nam a2200157   4500</leader>
  <controlfield tag="008">707.1 AC168a</controlfield>
  <datafield tag="020" ind1=" " ind2=" ">
    <subfield code="a">9788449333705</subfield>
  </datafield>
  <datafield tag="082" ind1=" " ind2=" ">
    <subfield code="a">707.1</subfield>
    <subfield code="b">AC168a</subfield>
  </datafield>
  <datafield tag="100" ind1=" " ind2=" ">
    <subfield code="a">Acaso L&#xF3;pez-Bosch, Mar&#xED;a</subfield>
    <subfield code="9">6448</subfield>
  </datafield>
  <datafield tag="245" ind1=" " ind2=" ">
    <subfield code="a">Art thinking:</subfield>
    <subfield code="b">c&#xF3;mo el arte puede transformar la educaci&#xF3;n</subfield>
  </datafield>
  <datafield tag="260" ind1=" " ind2=" ">
    <subfield code="a">Barcelona</subfield>
    <subfield code="b">Paid&#xF3;s</subfield>
    <subfield code="c">2017</subfield>
  </datafield>
  <datafield tag="300" ind1=" " ind2=" ">
    <subfield code="a">233 p.</subfield>
    <subfield code="b">ill (col)</subfield>
    <subfield code="c">23 x 19 cm</subfield>
  </datafield>
  <datafield tag="505" ind1=" " ind2=" ">
    <subfield code="t">Pr&#xF3;logo</subfield>
    <subfield code="r">Luis Camnitzer</subfield>
    <subfield code="t">Llevar una sand&#xED;a a clase</subfield>
    <subfield code="t">El asedio de la imagen </subfield>
    <subfield code="t">Desbaratar el imaginario</subfield>
    <subfield code="t">De las artes a la educaci&#xF3;n</subfield>
    <subfield code="t">Venga</subfield>
    <subfield code="t">Coda</subfield>
    <subfield code="t">Sigue</subfield>
    <subfield code="t">Cr&#xE9;ditos de las fotograf&#xED;as</subfield>
  </datafield>
  <datafield tag="600" ind1=" " ind2=" ">
    <subfield code="x">arte- aspectos educativos</subfield>
    <subfield code="x">educaci&#xF3;n art&#xED;stica</subfield>
    <subfield code="x">arte - ense&#xF1;anza</subfield>
    <subfield code="x">arte - did&#xE1;ctica</subfield>
    <subfield code="9">6449</subfield>
  </datafield>
  <datafield tag="700" ind1=" " ind2=" ">
    <subfield code="a">Meg&#xED;as Mart&#xED;nez, Clara (ilustraciones)</subfield>
    <subfield code="9">6450</subfield>
  </datafield>
  <datafield tag="999" ind1=" " ind2=" ">
    <subfield code="c">1519</subfield>
    <subfield code="d">1519</subfield>
  </datafield>
  <datafield tag="952" ind1=" " ind2=" ">
    <subfield code="0">0</subfield>
    <subfield code="1">0</subfield>
    <subfield code="2">ddc</subfield>
    <subfield code="4">0</subfield>
    <subfield code="7">0</subfield>
    <subfield code="a">LV</subfield>
    <subfield code="b">LV</subfield>
    <subfield code="c">Pensamiento</subfield>
    <subfield code="d">2018-07-04</subfield>
    <subfield code="l">1</subfield>
    <subfield code="o">707.1 AC168a</subfield>
    <subfield code="p">004616</subfield>
    <subfield code="r">2019-02-20 00:00:00</subfield>
    <subfield code="s">2018-12-12</subfield>
    <subfield code="w">2018-07-04</subfield>
    <subfield code="y">01</subfield>
  </datafield>
</record>
